| 000 | 00439nam a2200157 4500 | ||
|---|---|---|---|
| 001 | 126158 | ||
| 003 | ES-MaACL | ||
| 005 | 20230906192751.0 | ||
| 007 | t| | ||
| 008 | 070214s1941 sp r ||||1| spa d | ||
| 100 | 1 |
_aReal, Cristóbal. _995676 |
|
| 245 | 1 | 0 |
_aPor los mares que fueron de España / _cCristóbal Real. |
| 260 |
_aMadrid : _bEditora Nacional, _c1941. |
||
| 300 |
_a202 p. ; _c20 cm. |
||
| 852 |
_aES-MaACL _jF-13945 _bR.23308 |
||
| 999 |
_c126158 _d126158 |
||